| 000 | 00835nam a22002057a 4500 | ||
|---|---|---|---|
| 999 |
_c2481 _d2481 |
||
| 003 | AR-CdUCM | ||
| 008 | 190304b ||||| |||| 00| 0 spa d | ||
| 040 |
_aMUNICIPALIDAD PROVINCIAL DEL CUSCO _cBIBLIOTECA MUNICIPAL DEL CUSCO |
||
| 082 |
_a311 / _bD18 |
||
| 110 |
_aCentro interamericano de administración del trabajo _98850 |
||
| 245 | _aEstadística laboral / | ||
| 260 |
_aLima : _bCentro interamericano de administración del trabajo, _c1981 |
||
| 300 |
_a368 paginas ; _c24 cm. |
||
| 505 | _aContenido :Documento n°1-Objetivos y metodología del curso, contenido--Documento n°2-Programas --Documento n°3-Campos de acción de la administración del trabajo ... | ||
| 650 |
_aCiencia auxiliar _98851 |
||
| 650 |
_aRelaciones laborales _97470 |
||
| 650 |
_aEstadística laboral _98852 |
||
| 942 |
_2ddc _cLIBROS |
||
| 945 | _arjall | ||